| 000 | 01010cam a2200289 a 4500 | ||
|---|---|---|---|
| 001 | 599894 | ||
| 003 | NUST - PNEC | ||
| 005 | 20170116181025.0 | ||
| 008 | 911122s1992 paua b 001 0 eng | ||
| 010 | _a 91042778 | ||
| 020 | _a0830630562 (paper) : | ||
| 040 | _cLIBRARY | ||
| 082 | 0 | 0 | _a025.065 BJE |
| 100 | 1 | _aBjelland, Harley. | |
| 245 | 1 | 0 |
_aUsing online scientific & engineering databases / _cHarley Bjelland. |
| 250 | _a1st ed. | ||
| 260 |
_aBlue Ridge Summit, PA : _bWindcrest, _cc1992. |
||
| 300 |
_axviii, 213 p. : _bill. ; _c24 cm. |
||
| 504 | _aIncludes bibliographical references (p. 207-208) and index. | ||
| 650 | 0 | _aOnline data processing. | |
| 650 | 0 |
_aScience _xDatabases. |
|
| 650 | 0 |
_aEngineering _xDatabases. |
|
| 740 | 0 | _aUsing online scientific and engineering databases. | |
| 906 |
_a7 _bcbc _corignew _d1 _eocip _f19 _gy-gencatlg |
||
| 942 |
_2ddc _cBK |
||
| 999 |
_c67510 _d67510 |
||